| 000 | 00465nam a2200181Ia 4500 | ||
|---|---|---|---|
| 001 | 25898 | ||
| 003 | IN-NITTTR | ||
| 005 | 20251114233327.0 | ||
| 008 | 251113s9999||||xx |||||||||||||| ||eng|| | ||
| 040 | _beng | ||
| 040 | _cIN-NITTTR | ||
| 041 | _aeng | ||
| 082 | _a004 G51 | ||
| 245 | 0 |
_aGlobal sourcebook on information technology / _cGandhi, Ved Prakash, ed., Menon, Mridula |
|
| 700 | _a Menon, Mridula | ||
| 700 | _aGandhi, Ved Prakash | ||
| 942 |
_2ddc _cBK |
||
| 999 |
_c28527 _d28527 |
||